| 000 | 00381 a2200157 4500 | ||
|---|---|---|---|
| 001 | 192234 | ||
| 020 | _a85-349-2106-7 | ||
| 040 | _cMagnum | ||
| 100 | _aAlmeida, Manuel Antônio de | ||
| 240 | 1 | 0 |
_aMemórias de um sargento de milícias _lpor |
| 245 | 1 | 0 | _aMemórias de um sargento de milícias |
| 300 | _a199 | ||
| 440 | 1 | _aPaulus | |
| 697 | _aLITERATURA GERAL | ||
| 942 | _cBK | ||
| 999 |
_c192234 _d192234 |
||